000 nam a22 7a 4500
999 _c29396
_d29396
008 171205b xxu||||| |||| 00| 0 eng d
020 _a9789966253422
050 _aAFR PR 9381.9 .K5M92 2004.
100 _aKiriamiti, John
245 _aMy life in Prison /
_cJohn, Kiriamiti.
250 _a1st ed.
260 _aKenya:
_bSpear Books,
_c2004.
300 _a223p.
_c20cm
650 _aLiterature
942 _2lcc
_cAFRICANA
_hAFR PR 9381.9 K5M92
_048